00870nam a22001937a 450000500170000000800410001702000150005805000260007324501210009926000460022030000440026649000440031065000500035465000440040465100580044870000370050670000460054371000870058920240223134328.0240223b ag ||||| |||| 00| 0 spa d a987118301104aHN110.5.A8 bC85 200403aLa Cultura en las crisis latinoamericAnasc / Alejandro Grimson, compilador ; Ana María Ochoa Gautier... [y otros] aCiudad de Buenos Aires : bCLACSO, c2004 a311 páginas :bilustraciones ;c23 cm0 aColección Grupos de trabajo de CLACSO 72lembaPolítica y cultura zAmérica Latina 72lembaArtes latinoamericanas ySiglo XX 72lembaAmérica Latina xCondiciones sociales y1982-1 aGrimson, Alejandro, ecompilador1 aOchoa Gautier, Ana María, ecolaborador2 aConsejo Latinoamericano de Ciencias Sociales. bGrupo de Trabajo "Cultura y Poder"